Gaming Quiz

Random Gaming Quiz

Rogue Abilities Quiz Stats

Quiz not verified by Sporcle

Challenge
Share
Tweet
Embed
Score 0/42 Timer 07:00
0 Plays Today
% Correct
Sinister Strike
86.2%
Stealth
81.9%
Eviscerate
80.2%
Mutilate
80.2%
Backstab
79.3%
Cheap Shot
79.3%
Kidney Shot
79.3%
Vanish
79.3%
Ambush
78.4%
Sap
75%
Shadowstep
74.1%
Blind
73.3%
Slice and Dice
72.4%
Envenom
72.4%
Rupture
69%
Gouge
68.1%
Sprint
67.2%
Distract
64.7%
Evasion
62.1%
Garotte
62.1%
Cloak of Shadows
62.1%
% Correct
Shadow Dance
61.2%
Pick Pocket
59.5%
Kick
58.6%
Shiv
56%
Adrenaline Rush
56%
Killing Spree
56%
Preparation
54.3%
Hemorrhage
54.3%
Premeditation
51.7%
Fan of Knives
50%
Blade Flurry
50%
Deadly Throw
47.4%
Tricks of the Trade
47.4%
Dismantle
45.7%
Expose Armor
45.7%
Cold Blood
45.7%
Hunger for Blood
44%
Feint
43.1%
Ghostly Strike
41.4%
Disarm Trap
38.8%
Riposte
30.2%

You're not logged in!

Compare scores with friends on all Sporcle quizzes.
Join for Free
OR
Log In

You Might Also Like...

Show Comments

Extras

Created Dec 11, 2009ReportNominate
Tags:ability, rogue

Top Quizzes Today


Score Distribution

Your Account Isn't Verified!

In order to create a playlist on Sporcle, you need to verify the email address you used during registration. Go to your Sporcle Settings to finish the process.

Report this User

Report this user for behavior that violates our Community Guidelines.

Details: